| 000 | 00914nac a22002651i 4500 | ||
|---|---|---|---|
| 003 | EG-ScBUE | ||
| 005 | 20250528100835.0 | ||
| 008 | 250313s2003 ii a f 001 0 eng d | ||
| 020 | _a8121903394 | ||
| 020 | _a9788121903394 | ||
| 040 |
_aEG-ScBUE _beng _erda _cEG-ScBUE _dEG-ScBUE |
||
| 082 | 0 | 4 |
_a515.625 _bSAX _222 |
| 100 | 1 |
_aSaxena, H. C., _eauthor. |
|
| 245 | 1 | 0 |
_aFinite differences and numerical analysis / _cH. C. Saxena, ex-senior lecturer, Department of Mathematics, Ramjas College, Delhi University, Delhi. |
| 250 | _aReprint edition. | ||
| 264 | 1 |
_aRam Nagar, New Delhi : _bS. Chand & Company Ltd., _c2003. |
|
| 300 |
_axi, 452 pages : _billustrations ; _c23 cm |
||
| 336 |
_2rdacontent _atext _btxt |
||
| 337 |
_aunmediated _2rdamedia _bn |
||
| 338 |
_avolume _bnc _2rdacarrier |
||
| 500 | _aIncludes index. | ||
| 650 | 7 |
_aDifference equations. _2BUEsh |
|
| 655 | _vReading book | ||
| 942 |
_cBB _2ddc |
||
| 999 |
_c1322 _d1322 |
||